Eastern Most US States - Statistics

General Stats
  • This quiz has been taken 18 times
  • The average score is 13 of 15
Answer Stats
Answer % Correct
Maine
100%
New Hampshire
94%
New York
94%
Delaware
88%
Maryland
88%
Massachusetts
88%
North Carolina
88%
Rhode Island
88%
Vermont
88%
West Virginia
88%
Pennsylvania
82%
Virginia
82%
Connecticut
76%
New Jersey
76%
Alaska
47%
No matching quizzes found
Score Distribution
Percent of People with Each Score
Percentile by Number Answered
Your Score History
You have not taken this quiz